000 01639nam a2200313 a 4500
001 000028179
005 20200930031421.0
008 110407s2011 dr 000 0 spa d
020 _a9789945163841
040 _aDO-SdBNP
_bspa
_cBNPHU
082 _a341.097293
_bA989c
100 1 _aAyuso, José Alejandro
_955179
245 1 3 _aLa constitución derecho internacional e integración supranacional :
_bel control preventivo de los tratados internacionales como proceso constitucional /
_cJosé Alejandro Ayuso ; prólogo Eduardo Jorge Prats.
260 _aSanto Domingo :
_bFundación Equidad,
_c2011.
300 _a196 p. ;
_c23 cm.
490 1 _aVivir en Constitución
500 _aIncluye datos biografícos del autor en las solapas
504 _aIncluye referencias bibliográficas y notas al pie de las páginas.
504 _aBibliografía: p.179-187.
505 0 _tPrólogo /
_rEduardo Jorge Prats --
_tSuperioridad normativa de la Constitución --
_tEficacia del control de constitucionalidad de las normas --
_tFundamentos constitucionales de la integración supranacional --
_tA manera de epílogo: El control constitucional de la integración supranacional --
_tBibliografía.
590 _aInventariado, 2018/ YL
651 4 _aRepública Dominicana
_xDerecho Constitucional
_99303
650 4 _aTratados comerciales
_zRepública Dominicana
_912395
651 4 _aRepública Dominicana
_xRelaciones Exteriores
_xTratados
_911787
651 4 _aRepública Dominicana
_xTratados
_955180
700 1 _aJorge Prats, Eduardo,
_epról.
_917747
830 0 _aVivir en Constitución
_955181
910 _aValidado. Control de calidad EMS
999 _c27671
_d27671